[Event "AUTO-ELITE-103"]
[Site "http://www.queenalice.com/game.php?id=276234"]
[Date "2007.9.24"]
[Round "2"]
[White "Tecodamara"]
[Black "Rassend"]
[Result "1-0"]
[WhiteElo "2393"]
[BlackElo "2244"]

1. e4 c5 2. Nf3 d6 3. d4 cxd4 4. Nxd4 Nf6 5. Nc3 a6 6. f3 e5 7. Nb3 Be7 8. Be3
O-O 9. Qd2 Be6 10. O-O-O Nbd7 11. g4 Nb6 12. Kb1 Qc7 13. h4 Rfc8 14. h5 Nc4 15.
Bxc4 Qxc4 16. g5 Nd7 17. g6 a5 18. gxh7+ Kxh7 19. Nc1 a4 20. a3 Kh8 21. Nd3 f5
22. h6 g6 23. Bg5 Bf8 24. Qg2 Kh7 25. Rdg1 fxe4 26. fxe4 Bf7 27. Nd5 Ra5 28. Rf1
Bg8 29. Qg4 Qxc2+ 30. Ka1 1-0

[Event "AUTO-ELITE-103"]
[Site "http://www.queenalice.com/game.php?id=276235"]
[Date "2007.9.24"]
[Round "2"]
[White "Rassend"]
[Black "gerchurches"]
[Result "1-0"]
[WhiteElo "2222"]
[BlackElo "2327"]

1. e4 e6 2. d4 d5 3. e5 c5 4. c3 Nc6 5. Nf3 Bd7 6. Be2 Nh6 7. Bxh6 gxh6 8. O-O
Rg8 9. Na3 h5 10. Nb5 a6 11. Nd6+ Bxd6 12. exd6 cxd4 13. Qd3 Qf6 14. cxd4 Qg7
15. g3 h4 16. Rac1 h5 17. Rfd1 hxg3 18. fxg3 Qh6 19. Kf2 Qf6 20. Qb3 b5 21. Qe3
Rg4 22. h3 Rg8 23. Bd3 h4 24. g4 Nb4 25. Rc7 Nxd3+ 26. Rxd3 b4 27. Kg2 Rc8 28.
Ra7 Rd8 29. Ne5 Rg7 30. Rd1 Qg5 31. Qxg5 Rxg5 32. Rc1 Rxe5 33. dxe5 Bb5 34. Rcc7
Bd7 35. Kf3 a5 36. Ke3 a4 37. b3 axb3 38. axb3 1-0

[Event "AUTO-ELITE-103"]
[Site "http://www.queenalice.com/game.php?id=276236"]
[Date "2007.9.24"]
[Round "2"]
[White "gerchurches"]
[Black "Rassend"]
[Result "1/2-1/2"]
[WhiteElo "2312"]
[BlackElo "2237"]

1. e4 e6 2. d4 d5 3. Nc3 Nf6 4. e5 Nfd7 5. f4 c5 6. Nf3 Nc6 7. Be3 Qb6 8. Rb1
cxd4 9. Nxd4 Bc5 10. Ncb5 O-O 11. c3 a6 12. b4 axb5 13. bxc5 Qxc5 14. Qd2 Nxd4
15. cxd4 Qa3 16. Bxb5 Nb6 17. O-O Nc4 18. Bxc4 dxc4 19. Rfc1 Qa6 20. a4 Bd7 21.
f5 exf5 22. d5 Rfc8 23. Qd4 c3 24. Rxc3 Rxc3 25. Qxc3 Qxa4 26. Qb4 b5 27. Qxa4
bxa4 28. Bc1 Kf8 29. Ba3+ Ke8 30. Kf2 Rc8 31. Ke1 f4 32. Rb7 Rc3 33. Bd6 Kd8 34.
Kd2 Rb3 35. Rxb3 axb3 36. Kc3 Bf5 37. Kxb3 1/2-1/2

[Event "AUTO-MASTER-218"]
[Site "http://www.queenalice.com/game.php?id=288980"]
[Date "2007.10.18"]
[Round "2"]
[White "smurilo"]
[Black "Rassend"]
[Result "1-0"]
[WhiteElo "2322"]
[BlackElo "2263"]

1. c4 Nf6 2. Nc3 e6 3. e4 d5 4. e5 Ne4 5. d4 c5 6. cxd5 Nxc3 7. bxc3 exd5 8. Nf3
Nc6 9. Bd3 cxd4 10. Nxd4 Nxe5 11. Bb5+ Bd7 12. O-O Bd6 13. Nf5 Bxb5 14. Qxd5 O-O
15. Qxb5 Qf6 16. Nxd6 Qxd6 17. Qxb7 Ng4 18. g3 Rac8 19. Bf4 Qc5 20. h3 Nf6 21.
Rfe1 Nd5 22. Re5 Qxc3 23. Rc1 Qxe5 24. Bxe5 Rxc1+ 25. Kh2 Rd8 26. Qxa7 Rcc8 27.
a3 f6 28. Bb2 Rb8 29. Bc1 Ra8 30. Qd4 Rac8 31. Bd2 Nc3 32. Qe3 Re8 33. Qb6 Kh8
34. Kg2 Rb8 35. Qd4 Nb5 36. Qb4 Red8 37. a4 Nd4 38. Qc4 Rbc8 39. Qf7 Rf8 40. Qb7
Rb8 41. Qe4 Nb3 42. Bf4 Rbc8 43. Qb1 Na5 44. Qb5 Nc6 45. a5 Nd4 46. Qb7 Rfe8 47.
a6 Ne6 48. Bd6 Nc5 49. Qb5 Ne4 50. Bf4 g5 51. Bc7 Rf8 52. Qb6 1-0

[Event "AUTO-MASTER-218"]
[Site "http://www.queenalice.com/game.php?id=288981"]
[Date "2007.10.18"]
[Round "2"]
[White "Rassend"]
[Black "smurilo"]
[Result "0-1"]
[WhiteElo "2259"]
[BlackElo "2332"]

1. e4 d6 2. d4 Nf6 3. Nc3 g6 4. Nf3 Bg7 5. Be2 O-O 6. O-O Bg4 7. Be3 Nc6 8. d5
Bxf3 9. Bxf3 Ne5 10. Be2 c6 11. f4 Ned7 12. Qd2 cxd5 13. exd5 Qa5 14. Rfe1 Rac8
15. Rab1 a6 16. Bf3 Rfe8 17. Bd4 Nb6 18. b4 Nc4 19. Qd3 Qc7 20. g3 b5 21. a4 Nd7
22. Bxg7 Kxg7 23. axb5 Qb6+ 24. Kh1 axb5 25. Re2 Ra8 26. Rbe1 Ra3 27. Bg2 Nf6
28. h3 Rea8 29. Rf1 R8a7 30. g4 Ra1 31. Ree1 Rxe1 32. Rxe1 Ra3 33. Qf3 Kf8 34.
Kh2 Nd2 35. Qg3 h5 36. g5 h4 37. Qxh4 Nh5 38. Re2 Rxc3 39. Rxd2 Rc4 40. Re2 Qd4
41. Be4 Rxb4 42. Qg4 Rc4 43. Qf3 b4 44. Qf1 Qc3 45. Qf2 Rd4 46. Kg2 Qc4 47. Kf3
f5 48. gxf6 Nxf6 49. Bd3 Qxd5+ 50. Kg3 Nh5+ 51. Kh2 Nxf4 52. Re1 g5 53. h4 b3
54. c4 Qa5 55. Qxd4 Qxe1 56. Qh8+ Kf7 57. Qh7+ Ke8 58. Qg8+ Kd7 59. Bf5+ e6 60.
Qh7+ Kc6 61. Be4+ d5 62. cxd5+ exd5 0-1

[Event "AUTO-MASTER-218"]
[Site "http://www.queenalice.com/game.php?id=288982"]
[Date "2007.10.18"]
[Round "2"]
[White "NinjaX"]
[Black "Rassend"]
[Result "0-1"]
[WhiteElo "2175"]
[BlackElo "2243"]

1. e4 e5 2. Nc3 Nc6 3. f4 exf4 4. Nf3 g5 5. h4 g4 6. Ng1 d6 7. d4 Bg7 8. d5 Ne5
9. Bxf4 Ne7 10. Qd2 h5 11. O-O-O Bd7 12. Nge2 N7g6 13. Kb1 Nc4 14. Qe1 c5 15.
dxc6 Bxc6 16. Bg5 Qb6 17. b3 Rc8 18. Kc1 f6 19. Nf4 fxg5 20. Nxg6 Qe3+ 21. Qxe3
Nxe3 22. Rd3 Rh6 23. hxg5 Rxg6 24. Rxe3 Rxg5 25. Nd5 Re5 26. Nf4 Bh6 27. g3 Rxe4
28. Rxe4+ Bxe4 29. Bb5+ Kf8 30. Rxh5 Rxc2+ 31. Kd1 Bxf4 32. gxf4 g3 33. Rg5 g2
34. Ke1 Rxa2 35. f5 Ke7 36. Be2 Kf6 37. Rg3 Rb2 38. Kf2 Kxf5 39. Re3 Kf4 0-1

[Event "AUTO-MASTER-218"]
[Site "http://www.queenalice.com/game.php?id=288983"]
[Date "2007.10.18"]
[Round "2"]
[White "Rassend"]
[Black "NinjaX"]
[Result "1-0"]
[WhiteElo "2244"]
[BlackElo "2195"]

1. e4 c5 2. Nf3 d6 3. d4 cxd4 4. Nxd4 Nf6 5. Nc3 a6 6. Bg5 e6 7. Qd2 h6 8. Be3
Ng4 9. Be2 Nxe3 10. Qxe3 Be7 11. O-O Nc6 12. Rad1 O-O 13. Nxc6 bxc6 14. e5 d5
15. Ne4 Rb8 16. b3 Qa5 17. Nf6+ gxf6 18. Qxh6 Qc3 19. Rd3 Qxe5 20. Rh3 1-0

[Event "fera77"]
[Site "http://www.queenalice.com/game.php?id=289741"]
[Date "2007.10.19"]
[Round "2"]
[White "Rassend"]
[Black "OrlandoRochaFilho"]
[Result "1-0"]
[WhiteElo "2239"]
[BlackElo "1966"]

1. e4 c5 2. Nf3 d6 3. d4 cxd4 4. Nxd4 Nf6 5. Nc3 a6 6. Be3 e5 7. Nf3 Be7 8. Bc4
Qc7 9. Qe2 Nbd7 10. O-O b5 11. Nd5 Nxd5 12. Bxd5 Bb7 13. Rfd1 Bxd5 14. exd5 O-O
15. c3 Nc5 16. c4 bxc4 17. Rac1 Rfc8 18. Rxc4 Qa5 19. b4 1-0

[Event "fera77"]
[Site "http://www.queenalice.com/game.php?id=311232"]
[Date "2007.11.27"]
[Round "3"]
[White "gerchurches"]
[Black "Rassend"]
[Result "0-1"]
[WhiteElo "2308"]
[BlackElo "2239"]

1. e4 e5 2. Nf3 Nc6 3. Bc4 Nf6 4. Ng5 d5 5. exd5 Na5 6. Bb5+ c6 7. dxc6 bxc6 8.
Qf3 Rb8 9. Bxc6+ Nxc6 10. Qxc6+ Nd7 11. d3 Be7 12. Ne4 Rb6 13. Qa4 Bb7 14. O-O
Qa8 15. f3 Bc6 16. Qc4 Qb7 17. Ng3 Bd5 18. Qg4 h5 19. Qh3 Be6 20. Nf5 Kf8 21. g4
Bc5+ 22. Be3 Rxb2 23. Bxc5+ Nxc5 24. Na3 g6 25. Ne3 Qb4 26. Nac4 Bxc4 27. Nxc4
Rxc2 28. Rab1 Qc3 29. Rb8+ Kg7 30. Rxh8 Nxd3 31. Rxh5 Qd4+ 32. Kh1 gxh5 33. Qxh5
Qf4 34. Nd6 Rc1 35. Nf5+ Kg8 36. Ne7+ Kf8 37. Ng6+ fxg6 38. Qh8+ Kf7 39. Qh7+
Kf6 40. Qh8+ Ke6 41. Qe8+ Kd5 42. Qd7+ Kc4 43. Qc6+ Kd4 44. Rxc1 Qxc1+ 45. Qxc1
Nxc1 46. h4 Ne2 47. Kh2 Nf4 48. Kg3 Ke3 49. a3 a6 50. a4 a5 51. h5 Nxh5+ 52.
gxh5 gxh5 0-1

[Event "Challenge"]
[Site "http://www.queenalice.com/game.php?id=336889"]
[Date "2008.1.15"]
[Round "-"]
[White "koutouzov"]
[Black "Rassend"]
[Result "0-1"]
[WhiteElo "1888"]
[BlackElo "2255"]

1. e4 c5 2. Nf3 d6 3. d4 cxd4 4. Nxd4 Nf6 5. Nc3 a6 6. Bg5 e6 7. Qf3 Be7 8. Rd1
Qc7 9. Be2 Nbd7 10. O-O b5 11. Bd3 Bb7 12. h3 b4 13. Bxf6 Bxf6 14. Nce2 O-O 15.
Qe3 Rac8 16. g4 Qa5 17. Ra1 Nc5 18. c3 Nxd3 19. Qxd3 d5 20. exd5 Qxd5 21. f3 e5
0-1

[Event "Challenge"]
[Site "http://www.queenalice.com/game.php?id=336890"]
[Date "2008.1.15"]
[Round "-"]
[White "Rassend"]
[Black "koutouzov"]
[Result "1-0"]
[WhiteElo "2241"]
[BlackElo "1877"]

1. e4 c5 2. Nf3 Nc6 3. d4 cxd4 4. Nxd4 Nf6 5. Nc3 e5 6. Ndb5 d6 7. Nd5 Bg4 8.
Nxf6+ gxf6 9. Qxg4 Nb4 10. Qd1 Qa5 11. Bd2 Rc8 12. a3 Nxc2+ 13. Qxc2 Rxc2 14.
Bxa5 1-0

[Event "Challenge"]
[Site "http://www.queenalice.com/game.php?id=345814"]
[Date "2008.1.31"]
[Round "-"]
[White "Rassend"]
[Black "stress"]
[Result "1-0"]
[WhiteElo "2265"]
[BlackElo "1894"]

1. e4 e5 2. Nf3 d6 3. d4 exd4 4. Nxd4 Nf6 5. Nc3 Be7 6. Bf4 O-O 7. Be2 Bd7 8.
O-O Nc6 9. Re1 h6 10. Nxc6 Bxc6 11. Qd4 Re8 12. Rad1 a6 13. Qc4 Qc8 14. Bf3 Bf8
15. Bd2 Bd7 16. Qd3 Rb8 17. h3 Bc6 18. Nd5 Bxd5 19. exd5 Qd7 20. b3 Rxe1+ 21.
Rxe1 Re8 22. Rxe8 Qxe8 23. Qc4 Qb8 24. Ba5 b6 25. Bc3 a5 26. Bxf6 gxf6 27. Qg4+
Bg7 28. Qd7 b5 29. Bh5 c5 30. dxc6 1-0

[Event "Sicilian Najdorf"]
[Site "http://www.queenalice.com/game.php?id=353316"]
[Date "2008.2.12"]
[Round "2"]
[White "csparrow"]
[Black "Rassend"]
[Result "1-0"]
[WhiteElo "2466"]
[BlackElo "2289"]

1. e4 c5 2. Nf3 d6 3. d4 cxd4 4. Nxd4 Nf6 5. Nc3 a6 6. Bc4 b5 7. Bb3 e6 8. O-O
b4 9. Na4 Bb7 10. Re1 Nbd7 11. a3 a5 12. Bg5 Be7 13. Bxe6 fxe6 14. Nxe6 Qb8 15.
Nxg7+ Kf8 16. Nf5 Bc6 17. axb4 axb4 18. b3 Rg8 19. h4 Rg6 20. Qd4 Ra6 21. Kh1
Bd8 22. f3 Bc7 23. Bf4 Bxa4 24. Rxa4 Rxa4 25. bxa4 Nc5 26. Qc4 Qb6 27. e5 d5 28.
Qd4 Ne6 29. Qxb6 Bxb6 30. Bh6+ Rxh6 31. Nxh6 Nd7 32. Nf5 d4 33. g3 Ndc5 34. Rb1
Ba5 35. Nd6 d3 36. cxd3 Nxd3 37. f4 Nec5 38. Nc4 Bc7 39. a5 Ke7 40. Kg2 Ke6 41.
Rd1 b3 42. a6 Bb8 43. Kf3 Ba7 44. g4 Bb8 45. g5 Nb4 46. Rd6+ Kf7 47. f5 Nbxa6
48. e6+ 1-0

[Event "AUTO-MASTER-282"]
[Site "http://www.queenalice.com/game.php?id=377917"]
[Date "2008.3.27"]
[Round "2"]
[White "marcosnatal"]
[Black "Rassend"]
[Result "0-1"]
[WhiteElo "2115"]
[BlackElo "2282"]

1. d4 Nf6 2. c4 e6 3. Nc3 c5 4. d5 exd5 5. cxd5 d6 6. Nf3 Be7 7. e4 O-O 8. Be2
a6 9. O-O b5 10. Qc2 Nbd7 11. Bd2 Ng4 12. h3 Nge5 13. Nxe5 Nxe5 14. f4 Ng6 15.
Bh5 f5 16. Bxg6 hxg6 17. a3 Qc7 18. Be3 Bd7 19. Rad1 b4 20. Ne2 bxa3 21. bxa3
fxe4 22. Qxe4 Rae8 23. Ng3 Bf6 24. Qf3 Ba4 25. Rc1 Bb2 26. Bf2 Bxc1 27. Rxc1 Bd7
28. Ne4 Bf5 29. Ng5 Qa5 30. g4 Bd7 31. Ne4 Qb6 32. Kg2 Bb5 33. Kh2 a5 34. Rc3
Qa6 35. Ng5 Bc4 36. Ne6 Rf7 37. Ng5 Rfe7 38. f5 Qb5 39. Ne6 Ba2 0-1

[Event "AUTO-MASTER-282"]
[Site "http://www.queenalice.com/game.php?id=377918"]
[Date "2008.3.27"]
[Round "2"]
[White "Rassend"]
[Black "marcosnatal"]
[Result "1-0"]
[WhiteElo "2274"]
[BlackElo "2156"]

1. e4 e5 2. Nf3 Nc6 3. Bb5 a6 4. Ba4 b5 5. Bb3 d6 6. a4 Na5 7. Ba2 Nf6 8. O-O
Bg4 9. h3 Bh5 10. d3 b4 11. Be3 Be7 12. Nbd2 Qd7 13. Re1 O-O 14. g4 b3 15. cxb3
Bg6 16. Nh4 Rab8 17. Nxg6 hxg6 18. d4 Nc6 19. dxe5 dxe5 20. Nf3 Bd6 21. Rc1 Nxe4
22. Bb1 Nf6 23. g5 Nh5 24. Kg2 Rb4 25. Rc4 Rfb8 26. Rxb4 Rxb4 27. Qd5 Ne7 28.
Qa8+ Kh7 29. Rd1 Nf5 30. Qd5 Nh4+ 31. Nxh4 Rxh4 32. Rh1 c6 33. Qd2 Qe7 34. Kf1
Bc5 35. Bd3 a5 36. Be2 Nf4 37. Bg4 Bxe3 38. fxe3 Nd5 39. e4 1-0

[Event "AUTO-MASTER-282"]
[Site "http://www.queenalice.com/game.php?id=377919"]
[Date "2008.3.27"]
[Round "2"]
[White "OrlandoRochaFilho"]
[Black "Rassend"]
[Result "0-1"]
[WhiteElo "2039"]
[BlackElo "2253"]

1. b3 e5 2. Bb2 Nc6 3. e3 Nf6 4. Bb5 Bd6 5. Nf3 e4 6. Nd4 O-O 7. O-O Nxd4 8.
Bxd4 c6 9. Be2 Bc7 10. d3 d5 11. c4 Qd6 12. g3 Bh3 13. Re1 dxc4 14. dxc4 c5 15.
Bxf6 Qxf6 16. Na3 Be5 17. Rc1 Bb2 0-1

[Event "AUTO-MASTER-282"]
[Site "http://www.queenalice.com/game.php?id=377920"]
[Date "2008.3.27"]
[Round "2"]
[White "Rassend"]
[Black "OrlandoRochaFilho"]
[Result "1-0"]
[WhiteElo "2249"]
[BlackElo "2032"]

1. e4 c5 2. Nf3 d6 3. d4 cxd4 4. Nxd4 Nf6 5. Nc3 a6 6. Bc4 e6 7. O-O Nbd7 8. Bg5
h6 9. Be3 Qc7 10. Bb3 Nc5 11. Rc1 Bd7 12. Qf3 Bc6 13. Nxc6 Qxc6 14. Bxc5 Qxc5
15. e5 Nd7 16. exd6 Bxd6 17. Ne4 Qb6 18. Rcd1 1-0

[Event "Challenge"]
[Site "http://www.queenalice.com/game.php?id=380497"]
[Date "2008.4.1"]
[Round "-"]
[White "SacAttack"]
[Black "Rassend"]
[Result "0-1"]
[WhiteElo "1876"]
[BlackElo "2254"]

1. Nf3 d5 2. c4 e6 3. d4 Nf6 4. g3 dxc4 5. Qa4+ Nbd7 6. Bg2 c5 7. dxc5 Bxc5 8.
O-O a6 9. Qxc4 b5 10. Qc2 Bb7 11. Nc3 b4 12. Na4 Be7 13. Bg5 Rc8 14. Qd3 Qa5 15.
b3 Bxf3 16. Qxf3 Qxg5 17. Qb7 O-O 18. Qxa6 Rc2 19. e3 Qf5 0-1

[Event "Challenge"]
[Site "http://www.queenalice.com/game.php?id=390932"]
[Date "2008.4.20"]
[Round "-"]
[White "zonszein"]
[Black "Rassend"]
[Result "0-1"]
[WhiteElo "2164"]
[BlackElo "2256"]

1. e4 c5 2. Nf3 d6 3. d4 cxd4 4. Nxd4 Nf6 5. Nc3 a6 6. h3 e6 7. Be3 b5 8. a3 Bb7
9. Bd3 Be7 10. Qe2 O-O 11. g4 d5 12. e5 Ne4 13. Bxe4 dxe4 14. O-O Qc7 15. Bf4
Nc6 16. Nxc6 Qxc6 17. Be3 f6 18. Rad1 fxe5 19. Rfe1 Bxa3 20. Nxb5 axb5 21. bxa3
Rxa3 22. Rd2 Rd3 23. Kh2 Rd5 24. Rb1 Ba6 25. c4 bxc4 26. Rb6 Qxb6 27. Bxb6 c3
28. Rxd5 Bxe2 29. Rd8 Rxd8 30. Bxd8 Bxg4 31. Ba5 c2 32. Bd2 Be2 0-1

[Event "Challenge"]
[Site "http://www.queenalice.com/game.php?id=390934"]
[Date "2008.4.20"]
[Round "-"]
[White "Rassend"]
[Black "zonszein"]
[Result "1-0"]
[WhiteElo "2265"]
[BlackElo "2155"]

1. d4 Nf6 2. Nf3 g6 3. c4 Bg7 4. Nc3 O-O 5. e4 d6 6. Be2 Nc6 7. d5 Nb8 8. O-O e5
9. Be3 Ng4 10. Bg5 f6 11. Bh4 h5 12. h3 Nh6 13. Qd2 Qe8 14. a3 Nf7 15. b4 Bh6
16. Qc2 g5 17. Bg3 b6 18. Rfe1 a5 19. Nd2 Nd8 20. c5 dxc5 21. bxc5 Qg6 22. Nb5
Na6 23. cxb6 cxb6 24. Nc4 Nf7 25. Nxb6 Rb8 26. Na7 Nd6 27. Qc6 g4 28. Qxd6 gxh3
29. Naxc8 Rbxc8 30. Nxc8 Rxc8 31. Qe6+ 1-0

[Event "Sicilian Najdorf"]
[Site "http://www.queenalice.com/game.php?id=515277"]
[Date "2008.12.31"]
[Round "4"]
[White "pumamercedino"]
[Black "Rassend"]
[Result "0-1"]
[WhiteElo "2380"]
[BlackElo "2284"]

1. d4 d5 2. c4 e6 3. Nc3 Nf6 4. cxd5 exd5 5. Bg5 Bb4 6. Rc1 Bf5 7. Qb3 Nc6 8. e3
h6 9. Bxf6 Qxf6 10. Nf3 Qd6 11. Be2 O-O-O 12. O-O Ba5 13. a3 Kb8 14. Na4 Bb6 15.
Nc5 f6 16. Qa4 Ne7 17. b4 g5 18. Nd2 h5 19. Ndb3 h4 20. Na5 Bc8 21. Rb1 Rdg8 22.
Qc2 g4 23. Bd3 c6 24. g3 Rg5 25. Rbe1 Rgh5 26. Re2 Bc7 27. Qb2 hxg3 28. fxg3
Rxh2 29. Rxh2 Qxg3+ 30. Rg2 Qh4 0-1

[Event "Sicilian Najdorf"]
[Site "http://www.queenalice.com/game.php?id=574489"]
[Date "2009.4.19"]
[Round "5"]
[White "Rassend"]
[Black "shogun"]
[Result "1/2-1/2"]
[WhiteElo "2299"]
[BlackElo "2616"]

1. e4 c5 2. Nf3 d6 3. d4 cxd4 4. Nxd4 Nf6 5. Nc3 a6 6. Be3 e5 7. Nb3 Be6 8. Be2
Be7 9. O-O O-O 10. f4 exf4 11. Rxf4 Nc6 12. Qd2 d5 13. exd5 Nxd5 14. Nxd5 Bxd5
15. Rd1 Bxb3 16. axb3 Qxd2 17. Bxd2 Bg5 18. Rf2 Bxd2 19. Rxd2 Rad8 20. Bf3 Rfe8
21. Kf1 Kf8 22. Bd5 f6 23. Bxc6 bxc6 24. Rxd8 Rxd8 25. Rf5 Ke7 26. Ke2 Ra8 27.
Rh5 h6 28. Ra5 Kd6 29. Kf3 Kc7 30. Ra4 Rd8 31. Rxa6 Rd2 32. Ra7+ Kd6 33. Rxg7
Rxc2 34. Rg3 Ke5 35. Kg4 f5+ 36. Kh5 f4 37. Rg8 f3 38. Re8+ Kd4 39. gxf3 Rxh2+
40. Kg6 Rf2 41. Re4+ Kd3 42. Rf4 1/2-1/2